000 00972nas a2200313 4500
001 BR2017003316
003 BR-BrBNA
005 20231205131153.0
007 ta
008 230509b bl.|||p| |||| 00| 00por d
040 _aBR-BrBNA
_bpor
_cBiblioteca Nacional de Agricultura
041 _a(En)
072 _aP33; P35
100 1 _aDalpisol, M.
100 1 _aSerrat, B.M.
100 1 _aMotta, A.C.V.
100 1 _aPoggere, G.C.
100 1 _aBittencourt, S.
100 1 _aBarbosa, J.Z.
245 1 _aZinc, copper and manganese availability in soils treated with alkaline sewage sludge from Paraná state (Brazil)
650 _aANÁLISE DO SOLO
650 _aRESÍDUO ORGÂNICO
650 _aRECICLAGEM
650 _aMICROELEMENTO
650 _aFERTILIDADE DO SOLO
773 0 _tCiência e Agrotecnologia (Brazil)
_xISSN 1413-7054
_g(Jan-Feb 2017), v. 41(1) p. 81-93
_wBR2017003316
909 _a202311
_bLúcia
_c55
_dLúcia Elande
942 _2AGRIS
_n0
_cANA
999 _c253378
_d253378